[Event "Kimberley Extravaganza op"]
[Site "Kimberley"]
[Date "2024.09.28"]
[Round "7"]
[White "Mnyasta, Tezihano"]
[Black "Mbedza, Richard"]
[Result "1-0"]
[WhiteElo "1885"]
[BlackElo "1907"]
[PlyCount "85"]
[EventDate "2024.09.25"]
[EventType "swiss"]
[EventRounds "9"]
[EventCountry "RSA"]
[SourceTitle "EXT 2025"]
[Source "ChessBase"]
[SourceDate "2024.10.14"]
[SourceVersion "1"]
[SourceVersionDate "2024.10.14"]
[SourceQuality "1"]

1. d4 e6 2. Nf3 f5 3. Bg5 Be7 4. h4 Nf6 5. Nbd2 b6 6. e3 Bb7 7. Bd3 Ne4 8. Bxe4 fxe4 9. Bxe7 Qxe7 10. Ng5 d5 11. Qg4 Kd7 12. c4 c6 13. Rc1 Na6 14. a3 h6 15. Nh3 g5 16. hxg5 hxg5 17. Ke2 Rag8 18. f3 Rh4 19. Qg3 g4 20. fxe4 dxe4 21. Nf2 Rxh1 22. Rxh1 c5 23. Nfxe4 cxd4 24. Rh7 d3+ 25. Ke1 Rg7 26. Rxg7 Qxg7 27. Qd6+ Kc8 28. Qxe6+ Kc7 29. Nd6 Qxb2 30. Qe7+ Kc6 31. Qxb7+ Kxd6 32. c5+ Kxc5 33. Qc8+ Kb5 34. Qc4+ Ka5 35. Nb3+ Qxb3 36. Qxb3 Nc5 37. Qb4+ Ka6 38. Qxg4 Kb5 39. Qd4 a5 40. g4 d2+ 41. Qxd2 Ka4 42. Qd6 Kxa3 43. Qxb6 1-0

[Event "Kimberley Extravaganza op"]
[Site "Kimberley"]
[Date "2024.09.26"]
[Round "4"]
[White "Mbedza, Richard"]
[Black "Banda, Alton"]
[Result "0-1"]
[WhiteElo "1907"]
[BlackElo "2063"]
[PlyCount "127"]
[EventDate "2024.09.25"]
[EventType "swiss"]
[EventRounds "9"]
[EventCountry "RSA"]
[SourceTitle "EXT 2025"]
[Source "ChessBase"]
[SourceDate "2024.10.14"]
[SourceVersion "1"]
[SourceVersionDate "2024.10.14"]
[SourceQuality "1"]

1. e4 d5 2. Nc3 dxe4 3. Nxe4 Nc6 4. Bc4 Bf5 5. Ng3 Bg6 6. Nf3 e6 7. d4 Nf6 8. c3 Be7 9. Qe2 a6 10. Bd2 Qd6 11. Ne5 Na5 12. Bf4 Qb6 13. h4 Nxc4 14. Nxc4 Qc6 15. h5 Be4 16. f3 Bd5 17. Ne5 Qb6 18. 0-0 c5 19. dxc5 Bxc5+ 20. Kh1 h6 21. b4 Be7 22. Rfe1 0-0 23. a4 Rac8 24. Be3 Qc7 25. Bd4 Nd7 26. f4 Nxe5 27. fxe5 Qc4 28. Qg4 Bg5 29. Ne4 Bxe4 30. Rxe4 Qd5 31. Rd1 Rfd8 32. a5 Rxc3 33. Rde1 Rc4 34. Bg1 Qxe5 35. Qf3 Rxe4 36. Rxe4 Qd5 37. Qe2 Qd1 38. Qxd1 Rxd1 39. g4 Rd7 40. Rc4 f6 41. Rc8+ Kf7 42. Bc5 e5 43. Kg2 g6 44. hxg6+ Kxg6 45. Kf3 h5 46. gxh5+ Kxh5 47. Ke4 Kg4 48. Rf8 Rd1 49. Rf7 Re1+ 50. Kd5 e4 51. Rxb7 e3 52. Re7 e2 53. Kc6 Kf3 54. Kb7 Rb1 55. Kxa6 e1Q 56. Rxe1 Rxe1 57. Kb7 Be3 58. a6 Bxc5 59. bxc5 Rb1+ 60. Ka8 Rc1 61. Kb7 Rxc5 62. Kb6 Rc8 63. Kb7 Rh8 64. Kc6 0-1

[Event "Kimberley Extravaganza op"]
[Site "Kimberley"]
[Date "2024.09.25"]
[Round "2"]
[White "Mbedza, Richard"]
[Black "Mnyasta, Charlton"]
[Result "0-1"]
[WhiteElo "1907"]
[BlackElo "2187"]
[PlyCount "66"]
[EventDate "2024.09.25"]
[EventType "swiss"]
[EventRounds "9"]
[EventCountry "RSA"]
[SourceTitle "EXT 2025"]
[Source "ChessBase"]
[SourceDate "2024.10.14"]
[SourceVersion "1"]
[SourceVersionDate "2024.10.14"]
[SourceQuality "1"]

1. e4 c5 2. d4 cxd4 3. Qxd4 Nc6 4. Qe3 g6 5. Bc4 Bg7 6. c3 d6 7. f4 Nf6 8. Nd2 0-0 9. h3 d5 10. exd5 Nxd5 11. Qf3 Nb6 12. Ne2 e5 13. 0-0 Nxc4 14. Nxc4 Qe7 15. Kh1 e4 16. Qf2 Be6 17. Ne3 f5 18. g4 fxg4 19. hxg4 Ne5 20. Qg3 Nf3 21. Ng1 Bd7 22. Nxf3 exf3 23. c4 Bc6 24. Nd5 Qf7 25. Qxf3 b5 26. Ne7+ Qxe7 27. Qxc6 Qh4+ 28. Kg2 Qxg4+ 29. Kh2 Rae8 30. Qg2 Re2 31. Rf2 Qh4+ 32. Kg1 Re1+ 33. Rf1 Bd4+ 0-1

[Event "Johannesburg Sandton op"]
[Site "Johannesburg"]
[Date "2018.05.19"]
[Round "2"]
[White "De Abreu, Roberto N"]
[Black "Mbedza, Richard"]
[Result "1-0"]
[WhiteElo "2047"]
[BlackElo "1942"]
[PlyCount "63"]
[EventDate "2018.05.19"]
[EventType "swiss"]
[EventRounds "10"]
[EventCountry "RSA"]
[SourceTitle "CBM 184 Extra"]
[Source "ChessBase"]
[SourceDate "2018.06.28"]
[SourceVersion "1"]
[SourceVersionDate "2018.06.28"]
[SourceQuality "1"]

1. d4 e6 2. c4 c6 3. Nf3 d5 4. g3 f5 5. Bg2 Nf6 6. 0-0 Be7 7. Nc3 0-0 8. Rb1 Ne4 9. Qc2 Nd7 10. b4 Ndf6 11. Ne5 Nd7 12. Nd3 Bf6 13. e3 Qe8 14. Ba3 Nb6 15. Nb2 Be7 16. Rfd1 Rf6 17. f3 Ng5 18. h4 Nf7 19. c5 Nd7 20. e4 Nh6 21. exd5 exd5 22. Re1 Nf8 23. Nd3 Nf7 24. Bc1 Qd8 25. Qf2 Ng6 26. Bg5 Nxg5 27. hxg5 Rf8 28. f4 Bd7 29. b5 Be8 30. Bf3 Qa5 31. Rb3 Bf7 32. Rxe7 1-0

[Event "RSA Inter Regional-ch"]
[Site "Boksburg"]
[Date "2018.01.10"]
[Round "4.3"]
[White "Mhango, Banele"]
[Black "Mbedza, Richard"]
[Result "1/2-1/2"]
[WhiteElo "1722"]
[BlackElo "1970"]
[PlyCount "118"]
[EventDate "2018.01.09"]
[EventType "team-swiss"]
[EventRounds "7"]
[EventCountry "RSA"]
[SourceTitle "CBM 189 Extra"]
[Source "ChessBase"]
[SourceDate "2019.05.31"]
[SourceVersion "1"]
[SourceVersionDate "2019.05.31"]
[SourceQuality "1"]
[WhiteTeam "Ekurhuleni III"]
[BlackTeam "Ekurhuleni"]
[WhiteTeamCountry "RSA"]
[BlackTeamCountry "RSA"]

1. e4 b6 2. Nf3 Bb7 3. Nc3 d6 4. Bc4 e6 5. 0-0 Nd7 6. Re1 Ngf6 7. d4 c5 8. d5 e5 9. Bf1 Be7 10. g3 a6 11. a4 Qc7 12. Nd2 g5 13. h3 h6 14. Nc4 Nb8 15. Ne3 Bc8 16. Nf5 Bxf5 17. exf5 Nbd7 18. Bc4 Qc8 19. Qe2 Kf8 20. g4 Rg8 21. f4 gxf4 22. Bxf4 Kg7 23. Bd2 Rh8 24. h4 Qg8 25. Kf2 Nh7 26. Rh1 f6 27. Bxa6 Kf7 28. Bb5 Ra7 29. Bxh6 Bf8 30. Bd2 Ke7 31. Rag1 Bg7 32. Ne4 Qxd5 33. g5 Qd4+ 34. Kf1 d5 35. gxf6+ Bxf6 36. Nxf6 Nhxf6 37. Rg7+ Kd6 38. c3 Qe4 39. Qxe4 Nxe4 40. Be1 Rf8 41. h5 Rxf5+ 42. Ke2 Rg5 43. Rxg5 Nxg5 44. Rg1 Ne6 45. Bd2 Nf6 46. h6 Rh7 47. Rg6 Ke7 48. b4 cxb4 49. cxb4 Nd4+ 50. Kd3 Nxb5 51. axb5 Kf7 52. Rg2 Ng8 53. Rg5 Rxh6 54. Rxe5 Rh3+ 55. Re3 Rh2 56. Bc3 Ne7 57. Be5 Rh6 58. Rf3+ Ke8 59. Rf6 Rxf6 1/2-1/2

[Event "Africa KCF Inv tt"]
[Site "Brakpan"]
[Date "2017.10.08"]
[Round "7.3"]
[White "Khumalo, Keith"]
[Black "Mbedza, Richard"]
[Result "0-1"]
[WhiteElo "1790"]
[BlackElo "1984"]
[PlyCount "58"]
[EventDate "2017.10.05"]
[EventType "team-tourn"]
[EventRounds "7"]
[EventCountry "RSA"]
[SourceTitle "CBM 181 Extra"]
[Source "ChessBase"]
[SourceDate "2017.12.12"]
[SourceVersion "1"]
[SourceVersionDate "2017.12.12"]
[SourceQuality "1"]
[WhiteTeam "SA Emerging Players"]
[BlackTeam "RSA Inv III"]
[WhiteTeamCountry "RSA"]
[BlackTeamCountry "RSA"]

1. d4 Nf6 2. c4 g6 3. Nc3 c5 4. d5 d6 5. e4 Bg7 6. Bd3 0-0 7. h3 Nbd7 8. Nf3 a6 9. 0-0 Rb8 10. a4 Qc7 11. Re1 b6 12. Bf4 Nh5 13. Bh2 Bh6 14. e5 Bf4 15. e6 fxe6 16. dxe6 Ndf6 17. Nd5 Nxd5 18. cxd5 Bxh2+ 19. Kxh2 Nf4 20. Be4 Bb7 21. g3 Nh5 22. Qc2 Rf6 23. g4 Nf4 24. Kg3 Rbf8 25. Rad1 Nxe6 26. dxe6 d5+ 27. Kg2 dxe4 28. Ng1 e3+ 29. f3 Rxf3 0-1

[Event "South African op"]
[Site "Cape Town"]
[Date "2015.07.11"]
[Round "11"]
[White "Mbedza, Richard"]
[Black "Essop, Hishaam"]
[Result "1-0"]
[WhiteElo "1989"]
[BlackElo "1725"]
[PlyCount "65"]
[EventDate "2015.07.03"]
[EventType "swiss"]
[EventRounds "11"]
[EventCountry "RSA"]
[SourceTitle "CBM 167 Extra"]
[Source "ChessBase"]
[SourceDate "2015.09.14"]
[SourceVersion "1"]
[SourceVersionDate "2015.09.14"]
[SourceQuality "1"]

1. e4 e5 2. Nf3 Nc6 3. Bc4 Bc5 4. 0-0 Nf6 5. d3 d6 6. Bg5 h6 7. Be3 Bb6 8. Nc3 Bg4 9. h3 Bh5 10. Qe2 0-0 11. g4 Bg6 12. Nh4 Bh7 13. Nf5 Nd4 14. Qd1 Bxf5 15. gxf5 c6 16. Bxd4 exd4 17. Ne2 d5 18. exd5 Nxd5 19. Kg2 Bc7 20. a4 Kh7 21. Ng3 Nf6 22. Qf3 Qd6 23. Rae1 a6 24. Re2 b5 25. axb5 axb5 26. Bb3 Rad8 27. Ra1 Kh8 28. Kf1 Rd7 29. Ra7 Bb6 30. Ra6 Qc7 31. Ne4 Qb7 32. Ra1 Re7 33. Rd2 1-0

[Event "South African op"]
[Site "Cape Town"]
[Date "2015.07.10"]
[Round "10"]
[White "Marais, Franco"]
[Black "Mbedza, Richard"]
[Result "1-0"]
[WhiteElo "1784"]
[BlackElo "1989"]
[PlyCount "65"]
[EventDate "2015.07.03"]
[EventType "swiss"]
[EventRounds "11"]
[EventCountry "RSA"]
[SourceTitle "CBM 167 Extra"]
[Source "ChessBase"]
[SourceDate "2015.09.14"]
[SourceVersion "1"]
[SourceVersionDate "2015.09.14"]
[SourceQuality "1"]

1. d4 d6 2. c4 Nd7 3. Nc3 g6 4. Nf3 Bg7 5. Qc2 Ngf6 6. Bg5 c5 7. d5 Qa5 8. Nd2 a6 9. e3 0-0 10. Be2 Rb8 11. 0-0 Re8 12. a4 e6 13. Nde4 Qc7 14. dxe6 fxe6 15. Rad1 Nxe4 16. Nxe4 d5 17. cxd5 b5 18. dxe6 Rxe6 19. Bg4 Rc6 20. Bxd7 Bxd7 21. Bf4 Be5 22. Bxe5 Qxe5 23. Rxd7 c4 24. Rd4 Rf8 25. Rfd1 Re6 26. f3 Re7 27. axb5 axb5 28. Rd5 Qb8 29. Qc3 Qa7 30. Rd8 Ref7 31. Nf6+ Rxf6 32. Qxf6 Qxe3+ 33. Kh1 1-0

[Event "South African op"]
[Site "Cape Town"]
[Date "2015.07.09"]
[Round "9"]
[White "Mbedza, Richard"]
[Black "Londt, Christopher P"]
[Result "1/2-1/2"]
[WhiteElo "1989"]
[BlackElo "1694"]
[PlyCount "60"]
[EventDate "2015.07.03"]
[EventType "swiss"]
[EventRounds "11"]
[EventCountry "RSA"]
[SourceTitle "CBM 167 Extra"]
[Source "ChessBase"]
[SourceDate "2015.09.14"]
[SourceVersion "1"]
[SourceVersionDate "2015.09.14"]
[SourceQuality "1"]

1. e4 c5 2. d3 Nc6 3. f4 g6 4. Nf3 Bg7 5. c3 d6 6. Be2 Nf6 7. 0-0 0-0 8. h3 b5 9. Be3 a5 10. Nbd2 b4 11. c4 Nh5 12. Rb1 Ng3 13. Rf2 a4 14. Kh2 Nxe2 15. Qxe2 a3 16. b3 e6 17. g4 Qe7 18. Rg2 Bb7 19. Qf2 Rfd8 20. f5 Rd7 21. Re1 Qf6 22. e5 Nxe5 23. Bg5 Nxf3+ 24. Nxf3 Qc3 25. Re3 Re8 26. Qh4 Bxf3 27. Rxf3 Be5+ 28. Bf4 Bg7 29. Bh6 Be5+ 30. Bf4 Bg7 1/2-1/2

[Event "Commonwealth & RSA op"]
[Site "Port Elizabeth"]
[Date "2013.07.07"]
[Round "3"]
[White "Mbedza, Richard"]
[Black "Tiviakov, Sergei"]
[Result "0-1"]
[WhiteElo "2048"]
[BlackElo "2654"]
[PlyCount "22"]
[EventDate "2013.07.06"]
[EventType "swiss"]
[EventRounds "11"]
[EventCountry "RSA"]
[SourceTitle "CBM 155 Extra"]
[Source "ChessBase"]
[SourceDate "2013.08.26"]
[SourceVersion "1"]
[SourceVersionDate "2013.08.26"]
[SourceQuality "1"]

1. e4 c5 2. d3 Nc6 3. f4 d5 4. Nd2 e5 5. exd5 Qxd5 6. Nc4 Nf6 7. Nf3 exf4 8. Bxf4 h6 9. Qd2 Be6 10. Bg3 0-0-0 11. Be2 g5 0-1

[Event "Olympiad-40"]
[Site "Istanbul"]
[Date "2012.08.28"]
[Round "1.3"]
[White "Mbedza, Richard"]
[Black "Macias Murillo, Bryan"]
[Result "0-1"]
[WhiteElo "2045"]
[BlackElo "2365"]
[PlyCount "122"]
[EventDate "2012.08.28"]
[EventType "team-swiss"]
[EventRounds "11"]
[EventCountry "TUR"]
[SourceTitle "CBM 151"]
[Source "ChessBase"]
[SourceDate "2012.11.13"]
[SourceVersion "1"]
[SourceVersionDate "2012.11.13"]
[SourceQuality "1"]
[WhiteTeam "Malawi"]
[BlackTeam "Ecuador"]
[WhiteTeamCountry "MWI"]
[BlackTeamCountry "ECU"]

1. e4 c5 2. d3 Nc6 3. f4 d5 4. Nd2 dxe4 5. dxe4 g6 6. c3 Bg7 7. Ngf3 Nf6 8. Bb5 0-0 9. Bxc6 bxc6 10. 0-0 Ba6 11. Re1 Qb6 12. Ne5 c4+ 13. Kh1 Rad8 14. Qe2 Nh5 15. Ndxc4 Bxe5 16. fxe5 Qc5 17. b3 Bxc4 18. Qxc4 Qxe5 19. Be3 Qc7 20. Rf1 e5 21. Bg5 Rd7 22. Rad1 Re8 23. Bh6 Rxd1 24. Rxd1 Nf4 25. g3 Ne6 26. Kg2 Rd8 27. Rxd8+ Nxd8 28. h4 Ne6 29. Qb4 f6 30. Qc4 Kf7 31. Be3 f5 32. exf5 gxf5 33. Qd3 Kf6 34. b4 a5 35. a3 axb4 36. axb4 Qb7 37. Qd6 c5+ 38. Kf2 cxb4 39. cxb4 Qc7 40. Qd3 e4 41. Qd2 Qe5 42. Kg2 Qb5 43. Kf2 h5 44. Qc3+ Ke7 45. Bc5+ Nxc5 46. bxc5 Ke6 47. Ke3 Qb8 48. Ke2 Kd5 49. Qf6 Qb5+ 50. Ke1 Qb1+ 51. Kf2 Qc2+ 52. Kf1 Qd1+ 53. Kg2 Qf3+ 54. Kh2 Kxc5 55. Qe7+ Kc4 56. Qe6+ Kc3 57. Qc6+ Kd2 58. Qd5+ Ke1 59. Qa5+ Kf1 60. Qa1+ Kf2 61. Qg1+ Ke2 0-1